Cortical integration : Volume 2 (Record no. 134)

000 -LEADER
fixed length control field 01820cam a2200421 a 4500
001 - CONTROL NUMBER
control field 479861
003 - CONTROL NUMBER IDENTIFIER
control field OSt
005 - DATE AND TIME OF LATEST TRANSACTION
control field 20210416063141.0
008 - FIXED-LENGTH DATA ELEMENTS--GENERAL INFORMATION
fixed length control field 840808s1984 nyua b 101 0 eng c
010 ## - LIBRARY OF CONGRESS CONTROL NUMBER
LC control number 84017798
020 ## - INTERNATIONAL STANDARD BOOK NUMBER
International Standard Book Number 0881670340
040 ## - CATALOGING SOURCE
Original cataloging agency DNLM/DLC
Transcribing agency DLC
Modifying agency DLC
041 ## - LANGUAGE CODE
Language code of text/sound track or separate title eng
050 00 - LIBRARY OF CONGRESS CALL NUMBER
Classification number QP381
Item number .C67 1984
060 ## - NATIONAL LIBRARY OF MEDICINE CALL NUMBER
Classification number W1 IN71S v.11
-- WL 307 C829 1983
080 ## - UNIVERSAL DECIMAL CLASSIFICATION NUMBER
Universal Decimal Classification number 616.8
Item number S-91
082 00 - DEWEY DECIMAL CLASSIFICATION NUMBER
Classification number 599/.0188
Edition number 19
100 ## - MAIN ENTRY--PERSONAL NAME
9 (RLIN) 331
Personal name Suarez-Reinoso, Fernando
245 00 - TITLE STATEMENT
Title Cortical integration : Volume 2
Remainder of title basic, archicortical, and cortical association levels of neural integration /
Statement of responsibility, etc. editors, Fernando Reinoso-Suárez, Cosimo Ajmone-Marsan.
260 ## - PUBLICATION, DISTRIBUTION, ETC.
Place of publication, distribution, etc. New York :
Name of publisher, distributor, etc. Raven Press,
Date of publication, distribution, etc. c1984.
300 ## - PHYSICAL DESCRIPTION
Extent xii, 440 p. :
Other physical details ill. ;
Dimensions 25 cm.
440 #0 - SERIES STATEMENT/ADDED ENTRY--TITLE
Title International Brain Research Organization monograph series ;
Volume/sequential designation v. 11
500 ## - GENERAL NOTE
General note "In April 1983, the International Brain Research Organization sponsored a symposium entitled, as is this volume, Cortical Integration: Basic, Archicortical, and Cortical Levels of Neural Integration"--Pref.
504 ## - BIBLIOGRAPHY, ETC. NOTE
Bibliography, etc. note Includes bibliographies and indexes.
650 #0 - SUBJECT ADDED ENTRY--TOPICAL TERM
Topical term or geographic name entry element Cerebral cortex
General subdivision Congresses.
650 #0 - SUBJECT ADDED ENTRY--TOPICAL TERM
Topical term or geographic name entry element Neural networks (Neurobiology)
General subdivision Congresses.
650 #2 - SUBJECT ADDED ENTRY--TOPICAL TERM
Topical term or geographic name entry element Cerebral Cortex
General subdivision physiology
-- congresses.
650 #2 - SUBJECT ADDED ENTRY--TOPICAL TERM
Topical term or geographic name entry element Neurophysiology
General subdivision congresses.
650 #0 - SUBJECT ADDED ENTRY--TOPICAL TERM
Topical term or geographic name entry element Neurology
9 (RLIN) 100
653 ## - INDEX TERM--UNCONTROLLED
Uncontrolled term ნეიროკავშირები, ნეიროფიზიოლოგია,
653 ## - INDEX TERM--UNCONTROLLED
Uncontrolled term ნევროლოგია
653 ## - INDEX TERM--UNCONTROLLED
Uncontrolled term თავის ტვინის ცენტრალური ნაწილი
700 2# - ADDED ENTRY--PERSONAL NAME
Personal name Reinoso-Suárez, Fernando.
700 2# - ADDED ENTRY--PERSONAL NAME
Personal name Ajmone Marsan, Cosimo.
710 2# - ADDED ENTRY--CORPORATE NAME
Corporate name or jurisdiction name as entry element International Brain Research Organization.
906 ## - LOCAL DATA ELEMENT F, LDF (RLIN)
a 7
b cbc
c orignew
d 1
e ocip
f 19
g y-gencatlg
942 ## - ADDED ENTRY ELEMENTS (KOHA)
Source of classification or shelving scheme
Koha item type Books
Holdings
Withdrawn status Lost status Source of classification or shelving scheme Damaged status Not for loan Permanent location Current location Date acquired Inventory number Full call number Barcode Date last seen Price effective from Koha item type
          Ken Walker International University Ken Walker International University 11/11/2020 338 616.8 S-91 338 11/11/2020 11/11/2020 Books

Powered by Koha